000 00324nam a2200145Ia 4500
008 230718s9999 xx 000 0 und d
041 _aEng.
082 _a340.1
_bDIA-J
100 _aDias, R. W.M
245 0 _aJurisPrudence
260 _aPakistan
_bAdillya Books
_c1994
300 _a520
650 _aLaw
999 _c31331
_d31331